El Congreso de 1910: Siluetas de actualidad

保存先:
書誌詳細
第一著者: Burgos Varas, Enrique (著者)
フォーマット: 図書
言語:スペイン語
出版事項: Santiago Imprenta La Ilustración 1911
版:1a. ed
主題:
タグ: タグ追加
タグなし, このレコードへの初めてのタグを付けませんか!

MARC

LEADER 00000nam a2200000 a 4500
001 UCJ3840
003 CL-VaPUC
008 070124e19110000CL |||||||||||||||||spa|d
082 0 4 |a 983  |b BUR  |2 21 
100 0 |a Burgos Varas, Enrique  |e author  |9 506282 
245 1 3 |a El Congreso de 1910: Siluetas de actualidad 
250 |a 1a. ed 
300 |a 120 p 
942 |c BK 
945 |d 20070124 00:00:00  |a rinostro 
260 |a Santiago  |b Imprenta La Ilustración  |c 1911 
500 |a Referencias demasiado breves, superficiales y, al tenor de lo que se lee, poco objetivas 
600 0 |a Congreso Nacional de Chile  |9 256491 
650 0 |a Biografías  |9 255210 
583 |a last modification  |c 20130925 07:46:12  |k Rodrigo Vera 
999 |c 319962  |d 319960 
952 |0 0  |1 0  |4 0  |6 983_000000000000000_BUR_1911  |7 0  |8 X  |9 398374  |a FDOBUD  |b FDOBUD  |d 2019-11-22  |i 1009109  |o 983 BUR 1911  |p 1009109  |r 2019-11-22  |w 2019-11-22  |y BK_X  |k BUD